Marques automobiles par images en gros plan #1 - Statistiques

Statistiques générales
  • Ce quiz a été pris 150 fois
  • Le résultat moyen est 14 sur 16
Statistiques - réponses
Par images Réponse % Correct
Fiat
100%
Jaguar
99%
Jeep
99%
Mercedes-Benz
99%
Ford
98%
Honda
97%
Alfa Romeo
96%
Chevrolet
96%
Renault
96%
Citröen
93%
Seat
93%
Nissan
92%
Bugatti
88%
Pagani
72%
Chrysler
52%
Acura
51%
Aucun quiz correspondant
Distribution des résultats
% des personnes avec chaque résultat
Percentile par nombre de réponses
Votre historique - résultats
Vous n’avez pas pris ce quiz